00624 2200217 4500001002100000005001500021035002000036007000300056008004100059020002200100082001000122084001600132100001600148245009600164250001000260260004700270300003400317650003300351990001100384990001100395INLIS00000000000126720180117103650 a0010-0118000085ta180117 g 0 ind  a978-602-7996-24-3 a615.8 a615.8 MUR k0 aMurtie Afin1 aKupas tuntas pengobatan tradisional :bPemahaman, Manfaat, Teknik, & Praktik /cAfin Murtie aCet.1 aJogjakarta :bTrans Idea Publishing,c2013 a248 hlm :bilus ;c15 x 23 cm aFarmakologi Obat Tradisional a5761 a a5761 b